| 000 | 00816nam a2200205 i 4500 | ||
|---|---|---|---|
| 001 | 40299 | ||
| 003 | ES-MaACL | ||
| 005 | 20230906160203.0 | ||
| 007 | t| | ||
| 008 | 030305s1866 sp e |||| | spa d | ||
| 100 | 1 |
_aCarrillo de Albornoz, Maximino. _935773 |
|
| 245 | 1 | 0 |
_aDiccionario de la niñez _b: colección de consejos morales y nociones útiles y agradables para la lectura de los jóvenes y de las familias / _cpor Máximino Carrillo de Albornoz. |
| 260 |
_aMadrid : _bJosé Mª Lezcano, _c1866. |
||
| 300 |
_aXVI, 326 p. ; _c17 cm. |
||
| 500 | _aEjemplar incompleto. | ||
| 530 | _aDisponible en formato digital. | ||
| 650 |
_aEnciclopedias infantiles y juveniles. _9156655 |
||
| 852 |
_aES-MaACL _jC-3573 |
||
| 856 |
_uhttp://bdh-rd.bne.es/viewer.vm?id=0000140786&page=1 _zBiblioteca Digital Hispánica |
||
| 999 |
_c40299 _d40299 |
||